000 00428pab a2200157 454500
008 180718b2000 xxu||||| |||| 00| 0 eng d
100 _aPunjabi, Riyaz
245 _aKashmir: realising the dream of an Islamic Caliphate
260 _c2000
300 _ap.58-73
362 _aApr-Jun
650 _aJammu and Kashmir - Politics and government
650 _aPolitics and government
773 _aWorld Affairs
909 _a45778
999 _c45778
_d45778